000 01012nam a22003257a 4500
001 BR8107282
003 BR-BrBNA
005 20230928091111.0
007 ta
008 230509b bl.||||| |||| 00| 0 por d
040 _aBR-BrBNA
_bpor
_cBiblioteca Nacional de Agricultura
041 _a(Por)
072 _aE30
_b/G514
090 _ E30 BR8107282
100 1 _aSousa, N.R.
100 1 _aLopes, P.R.M.
100 1 _aPrazeres, H.L.
110 1 _aComissao Estadual de Planejamento Agricola, Sao Luis, MA (Brasil)
_92062
245 1 _aRelatorio de desempenho do plano operativo agricola de 1980 [politica agricola, planejamento agricola, Maranhao, Brasil]
260 3 _aSao Luis, MA (Brasil):
_c1981.
300 _a66 p.
500 _a10 tables; 5 illus.
650 _aPOLITICA DE DESENVOLVIMENTO
650 _aDESENVOLVIMENTO ECONOMICO
650 _aPROJETO DE DESENVOLVIMENTO
650 _aPLANEJAMENTO AGRICOLA
650 _aMARANHAO
909 _a202309
_bLucia
_c55
_dLucia Elande
942 _cBK
999 _c32221
_d32221